MARC

LEADER 00000nam0a2200000 4500
001 23039
005 20231030195044.0
010 |a 5804601946 
035 |a (RuTPU)RU\TPU\book\23254 
035 |a BOOK00023326 
090 |a 23039 
100 |a 20011209d2000 m y0rusy50 ca 
101 0 |a rus 
102 |a RU 
105 |a a j 000zy 
200 1 |a Переход на Windows 2000  |e руководство администратора сети  |f А. Пасечник, Б. Богумирский 
210 |a СПб.  |c Питер  |d 2000 
215 |a 448 с.  |c ил. 
225 1 |a Для профессионалов 
610 1 |a операционные системы 
610 1 |a Windows 2000 
610 1 |a сетевые технологии 
610 1 |a практические пособия 
610 1 |a учебные пособия 
675 |a 681.3.066(076)  |v 3 
700 1 |a Пасечник  |b А.  |g Алексей 
701 1 |a Богумирский  |b Б.  |g Борис 
801 0 |a RU  |b 63413507  |c 20011209  |g PSBO 
801 2 |a RU  |b 63413507  |c 20160624  |g PSBO 
900 |a Операционные системы 
942 |c BK